| 000 | 00598nam a22002057a 4500 | ||
|---|---|---|---|
| 003 | OSt | ||
| 005 | 20180205190455.0 | ||
| 008 | 140716b xxu||||| |||| 00| 0 eng d | ||
| 020 | _a9788126510962 | ||
| 040 | _cDDC | ||
| 082 |
_222nd ed. _a621.38 MUL 2003 _bM |
||
| 100 |
_aMuller, Richard S.; Kamins,Theodore I.; Chan Mansun _9632 |
||
| 245 | _aDevice Electronics for Intergrated Circuits | ||
| 250 | _a3rd ed. | ||
| 260 |
_aNew Delhi; _bWiley india, _c2003 |
||
| 300 |
_axviii,528p; _bill: _c25cm |
||
| 504 | _aAnswres, & index included | ||
| 650 |
_aElectronic devices _9633 |
||
| 942 |
_2ddc _cB_BANK |
||
| 999 |
_c238 _d238 |
||